000 00505nam a22001817a 4500
005 20260425122521.0
008 260425b |||||||| |||| 00| 0 eng d
020 _a9783111700144
_c2099.00
040 _aMAIN
041 _aEnglish
082 _a510
_bGUI
100 _aGuidotti, Patrick
_926764
245 _aAdvanced Mathematics
_b: an Invitation in Preparation for Graduate School
260 _aBerlin
_bDe Gruyter
_c2025
300 _a200
650 _aMathematics (PM USHA)
_926738
942 _cBK
999 _c60746
_d60746